Datum a čas kvízu
33
Celkem bodů
Celkový počet nahraných bodů na tomto kvízu bez doplňovacích otázek.
2.
Pořadí na kvízu
Konečné umístění týmu na tomto kvízu.
Zaznamenané odpovědi
| # | Otázka | Odpověď | Body | Výsledky |
|---|---|---|---|---|
| 1. | Příslušníci jisté profese se v... | popeláři | 1 | |
| 2. | Která velká evropská země schv... | Francie | 1 | |
| 3. | Lístek na premiéru tohoto film... | Melania | 1 | |
| 4. | Minulý týden se v českých médi... | mobilní telefony | 1 | |
| 5. | Ve kterém evropském státě nabí... | ve Španělsku | 0 | |
| 6. | Na obrázku níže můžete vidět d... | Drákula a Frankenstein | 0.5 | |
| 7. | Co by to bylo za hororové téma... | C | 0 | |
| 8. | Ze které (převážně videoherní)... | Silent Hill | 1 | |
| 9. | Přiřaďte herce a herečky k jej... | 1C 2D 3B 4A | 1 | |
| 10. | Čím je inspirován česko-americ... | D | 0 |